Housing Gap Funding Scheme delays (Record no. 73756)

MARC details
000 -LEADER
fixed length control field 01547cam a2200241 4500
001 - CONTROL NUMBER
control field WB3942-17
008 - FIXED-LENGTH DATA ELEMENTS--GENERAL INFORMATION
fixed length control field 031106n2003 000 0 eng u
035 ## - SYSTEM CONTROL NUMBER
System control number (Sirsi) u124255
245 ## - TITLE STATEMENT
Title Housing Gap Funding Scheme delays
260 ## - PUBLICATION, DISTRIBUTION, ETC.
Date of publication, distribution, etc. 2003
490 ## - SERIES STATEMENT
Series statement RICS News Service
Volume/sequential designation 5 November 2003 (1)
520 ## - SUMMARY, ETC.
Summary, etc. RICS has communicated its views to English Partnerships (EP) on their proposed Housing Gap Funding Scheme, a new investment tool enabling the public sector to support regeneration and housing supply. RICS is concerned on how long it is taking EP to introduce the scheme and the effect of this on regeneration projects. Concerns are voiced on problems that projects judged on design criteria and receive state aid could encounter under the new scheme and also the lack of a housing policy framework. Further information on EP's Housing Gap Funding Scheme is available at http://www.englishpartnerships.co.uk/pages/page_01.asp?PageID=425. RICS' letter is available at http://www.rics.org/ricscms/bin/show?class=Policy&template=/includes/showpolicy.html&id=801&faculty=RICS. http://www.rics.org/ricscms/bin/show?class=Nhttp://www.englishpartnerships.co.uk/pages/page_01.asp?PageID=425ews&template=/includes/shownews.html&id=7505&faculty=RICS
590 ## - LOCAL NOTE (RLIN)
Local note WB
650 ## - SUBJECT ADDED ENTRY--TOPICAL TERM
Topical term or geographic name entry element ENGLISH PARTNERSHIPS
650 ## - SUBJECT ADDED ENTRY--TOPICAL TERM
Topical term or geographic name entry element HOUSING SUPPLY
650 ## - SUBJECT ADDED ENTRY--TOPICAL TERM
Topical term or geographic name entry element GAP FUNDING
650 ## - SUBJECT ADDED ENTRY--TOPICAL TERM
Topical term or geographic name entry element HOUSING GAP FUNDING
650 ## - SUBJECT ADDED ENTRY--TOPICAL TERM
Topical term or geographic name entry element STATE AID
650 ## - SUBJECT ADDED ENTRY--TOPICAL TERM
Topical term or geographic name entry element REGIONAL DEVELOPMENT AGENCIES
650 ## - SUBJECT ADDED ENTRY--TOPICAL TERM
Topical term or geographic name entry element LOCAL AUTHORITIES
690 ## - LOCAL SUBJECT ADDED ENTRY--TOPICAL TERM (OCLC, RLIN)
Topical term or geographic name as entry element REGENERATION
942 ## - ADDED ENTRY ELEMENTS (KOHA)
Suppress in OPAC 0
Holdings
Withdrawn status Lost status Source of classification or shelving scheme Damaged status Not for loan Home library Current library Shelving location Date acquired Total Checkouts Full call number Barcode Date last seen Copy number Price effective from Koha item type
    Dewey Decimal Classification     London London News article 06/11/2003   WB3942-17 124255-1001 06/08/2019 1 06/08/2019 News article